[Event "Gibtelecom Masters"]
[Site "Catalan Bay ENG"]
[Date "2007.01.25"]
[Round "3"]
[White "Jaime Montalvan,L"]
[Black "Howell,D"]
[Result "0-1"]
[WhiteElo "2206"]
[BlackElo "2501"]

1.d4 Nf6 2.c4 g6 3.Nc3 d5 4.cxd5 Nxd5 5.e4 Nxc3 6.bxc3 Bg7 7.Bc4 c5 8.Ne2 Nc6
9.Be3 O-O 10.O-O Qc7 11.Rc1 Rd8 12.Qd2 b6 13.h3 e6 14.Rfd1 Bb7 15.Bh6 Na5
16.Bxg7 Kxg7 17.Bd3 f6 18.Qe3 e5 19.f4 Qe7 20.fxe5 fxe5 21.d5 c4 22.Bc2 Ba6
23.Kh2 Nb7 24.Ng1 Nc5 25.Qg3 Rf8 26.Nf3 Rae8 27.d6 Qf6 28.d7 Rd8 29.Nxe5 Qf4
30.Qxf4 Rxf4 31.Kg3 Rf6 32.Rd4 Re6 33.Nxc4 Bxc4 34.Rxc4 Rxd7 35.Rd4 Rc7 36.Kf3 Nd7
37.Bb3 Rec6 38.Kf4 b5 39.e5 a5 40.Rcd1 Nf8 41.e6 Kf6 42.Ke4 Nxe6 43.Rd6 Ke7
44.Rxe6+ Rxe6+ 45.Bxe6 Kxe6 46.Rb1 Rc5 47.Kd4 Rd5+ 48.Ke4 Kd6 49.Rb2 Kc6
50.a4 bxa4 51.c4 Rg5 52.Ra2 Kb6 53.Kd4 h5 54.Rf2 a3 55.Rf6+ Kc7 56.Rf2 Kd6
57.Rf6+ Kd7 58.Rf2 a4 59.Ra2 Rg3 60.Kd5 Rd3+ 61.Ke5 Kc6 62.Ke4 Rb3 63.Kd4 h4
64.Ra1 Kb6 65.Ra2 Ka5 66.Kc5 Rg3 67.Kd6 Kb4 68.c5 Rd3+ 69.Kc6 Rc3  0-1

[Event "ch-Kyiv"]
[Site "Kyiv UKR"]
[Date "2007.01.25"]
[Round "6"]
[White "Golichenko,I"]
[Black "Shishkin,Va UKR"]
[Result "0-1"]
[WhiteElo "2300"]
[BlackElo "2474"]

1.d4 Nf6 2.c4 g6 3.Nc3 d5 4.cxd5 Nxd5 5.e4 Nxc3 6.bxc3 Bg7 7.Be3 c5 8.Qd2 Qa5
9.Rc1 O-O 10.Nf3 Rd8 11.d5 e6 12.c4 Qxd2+ 13.Nxd2 b6 14.Be2 Na6 15.O-O Nb4
16.a3 Na2 17.Rc2 Nc3 18.Bf3 exd5 19.cxd5 Ba6 20.Rfc1 Ne2+ 21.Bxe2 Bxe2 22.f3 Bd3
23.Rc3 Bxc3 24.Rxc3 Ba6 25.Bg5 Rd6 26.Be7 Rd7 27.Bf6 Rc8 28.Kf2 Bb7 29.Nc4 Bxd5
30.exd5 Rxd5 31.a4 Rc6 32.Be5 f6 33.Bb8 Rd7 34.Re3 Kf7 35.g4 Re6 36.Rc3 Ke7
37.h4 h6 38.Bf4 g5 39.Bc1 Rd4 40.a5 Kd7 41.Be3 Rd1 42.Rb3 Kc7 43.h5 Ra1 44.Na3 Ra2+
45.Kg3 Kc6 46.Rc3 Re7 47.axb6 axb6 48.Rb3 Ra7 49.Bc1 Ra4 50.Nb5 Rb4 51.Rxb4 cxb4
52.Nd4+ Kd5 53.Nf5 b5 54.f4 b3 55.Kf3 b2 56.Bxb2 Rxb2 57.Nxh6 b4 58.Ng8 Ke6  0-1

[Event "Gibtelecom Masters"]
[Site "Catalan Bay ENG"]
[Date "2007.01.26"]
[Round "4"]
[White "Heinis,V"]
[Black "Solaroli,R"]
[Result "1-0"]
[WhiteElo "2156"]
[BlackElo "1960"]

1.d4 Nf6 2.c4 g6 3.Nc3 d5 4.cxd5 Nxd5 5.e4 Nxc3 6.bxc3 Bg7 7.Bc4 c5 8.Ne2 O-O
9.O-O Nc6 10.Be3 cxd4 11.cxd4 Na5 12.Bd3 e6 13.Qd2 b6 14.Bh6 Qe7 15.Bxg7 Kxg7
16.f4 f5 17.Ng3 Bb7 18.Rad1 Rfd8 19.exf5 Rxd4 20.fxe6 Qxe6 21.Qb2 Qe3+ 22.Kh1 Kh6
23.Bxg6 Rxf4 24.Nf5+ Rxf5 25.Bxf5  1-0

[Event "Gibtelecom Masters"]
[Site "Catalan Bay ENG"]
[Date "2007.01.27"]
[Round "5"]
[White "Sokolov,Iv"]
[Black "Areshchenko,A"]
[Result "1/2-1/2"]
[WhiteElo "2652"]
[BlackElo "2644"]

1.d4 Nf6 2.c4 g6 3.Nc3 d5 4.cxd5 Nxd5 5.e4 Nxc3 6.bxc3 Bg7 7.Bc4 c5 8.Ne2 Nc6
9.Be3 O-O 10.O-O Bd7 11.Rb1 Qc7 12.Bf4 Qc8 13.d5 Na5 14.Bd3 c4 15.Bc2 e6
16.Qd2 b6 17.Bh6 Bxh6 18.Qxh6 e5 19.f4 f6 20.Kh1 Qc5 21.f5 g5 22.h4 gxh4
23.Rf3 Kh8 24.Rg1 Qe7 25.Qxh4 Rg8 26.g4 Nb7 27.Rh3 Nd6 28.Rg2 Rg7 29.Ng1 Nf7
30.Nf3 Ng5 31.Nxg5 Rxg5 32.Rgh2 Rg7 33.d6 Qf7 34.g5 fxg5 35.Qg3 Re8 36.Rh6 Bc6
37.Kg1 Qd7 38.Qg4 a5 39.a3 b5 40.Kf1 b4 41.cxb4 axb4 42.axb4 Ra8 43.Qg3 Ra1+
44.Ke2 Ra2 45.Ke1 Qa7 46.f6 Rf7 47.Qxg5 Ra1+ 48.Ke2 Ra2 49.Ke1 Ra1+ 50.Ke2 Ra2
51.Ke1  1/2-1/2

[Event "ch-Kyiv"]
[Site "Kyiv UKR"]
[Date "2007.01.27"]
[Round "8"]
[White "Vdovichenko,V"]
[Black "Shishkin,Va UKR"]
[Result "0-1"]
[WhiteElo "2069"]
[BlackElo "2474"]

1.d4 Nf6 2.c4 g6 3.Nc3 d5 4.cxd5 Nxd5 5.e4 Nxc3 6.bxc3 Bg7 7.Nf3 c5 8.Be2 Nc6
9.Be3 Bg4 10.e5 O-O 11.O-O cxd4 12.cxd4 Rc8 13.Rc1 Be6 14.Qd2 Qa5 15.Qxa5 Nxa5
16.Bd2 Nc6 17.Bb5 Bd5 18.Be3 Rfd8 19.Nd2 Nb4 20.Rxc8 Rxc8 21.a3 Na2 22.Ra1 f5
23.Kf1 Bf8 24.Ba4 e6 25.Bb3 Nc3 26.Rc1 Bxa3 27.Rc2 Rc6 28.Bxd5 Nxd5 29.Rxc6 bxc6
30.Nb3 Bb4 31.Bd2 Bxd2 32.Nxd2 a5 33.Ke1 a4 34.Kd1 Nc3+ 35.Kc2 Nb5 36.Kd3 a3
37.Kc4 a2 38.Nb3 Kf7 39.Kc5 Ke7 40.Na1 g5 41.Kxc6 Nxd4+ 42.Kc5 Ne2 43.Kc4 Nf4
44.g3 Nh3 45.f3 Ng1 46.f4 gxf4 47.gxf4 Ne2 48.Kb3 Nxf4 49.Kxa2 Nd3 50.Kb3 Nxe5
51.Kc3 Nf3 52.h3 h5  0-1

[Event "Open"]
[Site "Moscow RUS"]
[Date "2007.01.29"]
[Round "3"]
[White "Moskalenko,A"]
[Black "Danin,A"]
[Result "0-1"]
[WhiteElo "2352"]
[BlackElo "2451"]

1.d4 Nf6 2.c4 g6 3.Nc3 d5 4.cxd5 Nxd5 5.e4 Nxc3 6.bxc3 Bg7 7.Bc4 c5 8.Ne2 Nc6
9.Be3 O-O 10.O-O Bg4 11.f3 Na5 12.Bd3 cxd4 13.cxd4 Be6 14.d5 Bxa1 15.Qxa1 f6
16.Qd4 Bf7 17.Bh6 Re8 18.Bb5 e5 19.Qf2 Re7 20.f4 exf4 21.Qxf4 Qb6+ 22.Kh1 Bxd5
23.exd5 Qxb5 24.Qxf6 Qe8 25.Qd4 Rd8 26.Ng3 Rf7 27.Rxf7 Qxf7 28.Qc3 Nc6 29.h4 Rxd5
30.Ne4 Re5 31.Qd3 Qe6 32.Qc3 Qxa2 33.Nf6+ Kf7 34.Nd7 Qd5 35.Nxe5+ Nxe5 36.Bf4 Nd7
37.Qh8 Nf6 38.Bg5 Qd1+ 39.Kh2 Qd6+ 40.Kh1 h5 41.Bxf6 Qxf6 42.Qb8 Qxh4+ 43.Kg1 Qd4+
44.Kh1 Qb6 45.Qf4+ Qf6 46.Qb8 Qh4+ 47.Kg1 Qe7 48.Qxa7 Kg7 49.Qb8 Kh7 50.Qa7 Kg7
51.Qb8 Qd7 52.Qa7 Qc6 53.Kh1 Qe4 54.Kg1 Kh6 55.Qc5 Qe1+ 56.Kh2 Qh4+ 57.Kg1 Qf6
58.Qc1+ g5 59.Qc8 b6 60.Qd7 h4 61.Kh1 Kg6 62.Qd3+ Kf7 63.Qd5+ Kg7 64.Qd7+ Kh6
65.Kg1 Qa1+ 66.Kh2 Qe5+ 67.Kh1 b5 68.Qc8 g4 69.Qf8+ Kh5 70.Qf7+ Kg5  0-1

[Event "Gibtelecom Masters"]
[Site "Catalan Bay ENG"]
[Date "2007.02.01"]
[Round "9"]
[White "Mohota,N"]
[Black "Howell,D"]
[Result "1/2-1/2"]
[WhiteElo "2261"]
[BlackElo "2501"]

1.d4 Nf6 2.c4 g6 3.Nc3 d5 4.cxd5 Nxd5 5.e4 Nxc3 6.bxc3 Bg7 7.Nf3 c5 8.Rb1 O-O
9.Be2 cxd4 10.cxd4 Qa5+ 11.Bd2 Qxa2 12.O-O Bg4 13.Bg5 h6 14.Be3 Nc6 15.d5 Ne5
16.Rxb7 e6 17.d6 Rfd8 18.Re1 Bxf3 19.gxf3 Bf8 20.d7 Qa5 21.Rf1 Qa2 22.Re1 Qa5
23.Rf1 Qa2 24.Re1 Qa5 25.Rf1 Qa2  1/2-1/2

[Event "TCh-BEL 2006-7"]
[Site "Belgium BEL"]
[Date "2007.02.08"]
[Round "7"]
[White "Gillain,C"]
[Black "Kaufeld,J"]
[Result "1/2-1/2"]
[WhiteElo "2084"]
[BlackElo "2308"]

1.d4 Nf6 2.c4 g6 3.Nc3 d5 4.cxd5 Nxd5 5.e4 Nxc3 6.bxc3 Bg7 7.Nf3 c5 8.Rb1 O-O
9.Be2 Nc6 10.d5 Ne5 11.Nxe5 Bxe5 12.Qd2 e6 13.f4 Bc7 14.O-O exd5 15.exd5 Ba5
16.Rb3 Qd6 17.Qd3 Bf5 18.Qf3 c4 19.Ba3 Bb6+ 20.Kh1 Bc5 21.Bxc5 Qxc5 22.Rb4 b5
23.g4 Bc8 24.Qf2 Qxf2 25.Rxf2 Bd7 26.a4 a6 27.Rb2 Rfe8 28.Kg2 Rac8 29.axb5 Bxb5
30.Rd2 Re4 31.Bd1 Rd8 32.Kf3 Re1 33.Rfe2 Rf1+ 34.Rf2 Re1 35.Rfe2 Rf1+ 36.Rf2  1/2-1/2

[Event "TCh-FIN 2006-7"]
[Site "Jyvaskyla FIN"]
[Date "2007.02.10"]
[Round "7"]
[White "Fieandt,J"]
[Black "Hartio,I"]
[Result "1/2-1/2"]
[WhiteElo "2142"]
[BlackElo "2096"]

1.d4 Nf6 2.c4 g6 3.Nc3 d5 4.cxd5 Nxd5 5.e4 Nxc3 6.bxc3 Bg7 7.Be3 c5 8.Qd2 cxd4
9.cxd4 Nc6 10.Rd1 Qa5 11.Qxa5 Nxa5 12.Bd3 Bd7 13.Rc1 Rc8 14.Rxc8+ Bxc8 15.Ne2 O-O
16.d5 b6 17.Nd4 Rd8 18.Ke2 e6 19.Nc6  1/2-1/2

[Event "Rapid Match"]
[Site "Negotino MKD"]
[Date "2007.02.13"]
[Round "3"]
[White "Kozul,Z"]
[Black "Nedev,T"]
[Result "1-0"]
[WhiteElo "2616"]
[BlackElo "2523"]

1.d4 Nf6 2.c4 g6 3.Nc3 d5 4.cxd5 Nxd5 5.e4 Nxc3 6.bxc3 Bg7 7.Be3 c5 8.Qd2 O-O
9.Rc1 Qc7 10.Bd3 Nc6 11.Ne2 Rd8 12.d5 Ne5 13.c4 Nxd3+ 14.Qxd3 Qa5+ 15.Nc3 Bd7
16.O-O a6 17.f4 b5 18.e5 Qa3 19.Qe2 bxc4 20.Qf2 Rac8 21.Ne4 Qd3 22.Nc3 e6
23.Rfd1 Qf5 24.h3 h5 25.d6 g5 26.Re1 gxf4 27.Bxf4 Bc6 28.Qh4 Rb8 29.Re3 Rd7
30.Rf1 Rb2 31.Rg3 Rxg2+ 32.Rxg2 Bxg2 33.Kxg2 Qc2+ 34.Rf2 Qxc3 35.Qxh5 Qd4
36.h4 c3 37.Qg5 c2 38.Qg3 Rb7 39.Kh2 Rb4 40.d7 Rb7 41.Bh6 Qxe5 42.d8=Q+  1-0

[Event "V Breizh Masters GM"]
[Site "Guingamp FRA"]
[Date "2007.02.16"]
[Round "1"]
[White "Oleksienko,M"]
[Black "Kryvoruchko,Y"]
[Result "1/2-1/2"]
[WhiteElo "2541"]
[BlackElo "2592"]

1.d4 Nf6 2.c4 g6 3.Nc3 d5 4.cxd5 Nxd5 5.e4 Nxc3 6.bxc3 Bg7 7.Bg5 c5 8.Rc1 h6
9.Be3 Qa5 10.Qd2 cxd4 11.cxd4 Qxd2+ 12.Bxd2 O-O 13.Nf3 e6 14.Bb5 Bd7 15.Bxd7 Nxd7
16.Rc7 Nf6 17.e5 Nd5 18.Rxb7 Rfb8 19.Rxb8+ Rxb8 20.O-O Rb2 21.a4 Bf8 22.h4 Kg7
23.Rc1 Bb4 24.Bxb4 Rxb4 25.a5 Ra4 26.Rc5 Ra1+ 27.Kh2 Ra2 28.Kg3 Ra3 29.Kh2 Ra2
30.Kg3 Ra3 31.Kh2  1/2-1/2

[Event "Aeroflot Open"]
[Site "Moscow RUS"]
[Date "2007.02.16"]
[Round "3"]
[White "Volkov,Sergey"]
[Black "Evdokimov,Alexa"]
[Result "1-0"]
[WhiteElo "2636"]
[BlackElo "2531"]

1.d4 Nf6 2.c4 g6 3.Nc3 d5 4.cxd5 Nxd5 5.e4 Nxc3 6.bxc3 Bg7 7.Qa4+ Nd7 8.Bg5 O-O
9.Rd1 h6 10.Be3 c5 11.Bd3 Nb6 12.Qa3 cxd4 13.cxd4 Bd7 14.Ne2 Na4 15.Rb1 Rb8
16.Bf4 e5 17.dxe5 Qa5+ 18.Bd2 Qxe5 19.O-O Rbd8 20.Bb4 Rfe8 21.Bd6 Bf8 22.Bxf8 Rxf8
23.Rxb7 Nc5 24.Rb4 Nxd3 25.Qxd3 a5 26.Rb6 Bc6 27.Qf3 Bxe4 28.Qe3 Rfe8 29.Ng3 Bd3
30.Qxe5 Rxe5 31.Rc1 Rde8 32.h3 Re1+ 33.Rxe1 Rxe1+ 34.Kh2 Ra1 35.Rb3 Bc4 36.Rc3 Be6
37.a3 Re1 38.f3 f5 39.Rc6 Kf7 40.Ra6 Re5 41.Ra7+ Kf6 42.Ra6 Ke7 43.h4 Bf7
44.f4 Rc5 45.h5 gxh5 46.Rxh6 a4 47.Nxh5 Rc4 48.Rh7 Rc3 49.Ng3 Kf6 50.Rh6+ Bg6
51.Rh3 Rc2 52.Nf1 Rf2 53.Ne3 Kg7 54.Rf3 Rxf3 55.gxf3 Kf6 56.Kg3 Bf7 57.Nc2 Be8
58.Kf2 Bd7 59.Ke3 Ke6 60.Kd4 Kd6 61.Ne3 Be6 62.Nc4+ Kc6 63.Nb2 Kb5 64.Nd1 Kc6
65.Nc3 Bb3 66.Ke5 Kc5 67.Kxf5 Kc4 68.Ne4 Bd1 69.Kg6 Kb3 70.f5 Kxa3 71.f6 Bb3
72.Nc5 Kb4 73.Nxb3  1-0

[Event "Meurthe et Moselle IM"]
[Site "Nancy FRA"]
[Date "2007.02.19"]
[Round "1"]
[White "Gladyszev,O"]
[Black "Gerard,N"]
[Result "1-0"]
[WhiteElo "2455"]
[BlackElo "2307"]

1.d4 Nf6 2.c4 g6 3.Nc3 d5 4.cxd5 Nxd5 5.e4 Nxc3 6.bxc3 Bg7 7.Nf3 c5 8.Rb1 O-O
9.Be2 cxd4 10.cxd4 Qa5+ 11.Bd2 Qxa2 12.O-O Bg4 13.Bg5 h6 14.Be3 Nc6 15.d5 Bxf3
16.gxf3 Na5 17.Qd2 Qa3 18.f4 b6 19.e5 Rfd8 20.Ra1 Qb3 21.Rfb1 Qxd5 22.Qxd5 Rxd5
23.Bf3 Rad8 24.Bxd5 Rxd5 25.Rd1 e6 26.Rxd5 exd5 27.Rd1 Nc4 28.Rxd5 Nxe3 29.fxe3 Bf8
30.Rd8 Kg7 31.Rd7 Bc5 32.Kf2 a5 33.e6 Kf6 34.exf7 a4 35.Rb7 Kg7 36.Ke2 a3
37.e4 Bd4 38.Ra7 Bc5 39.Kd3 b5 40.Ra5 Bg1 41.Rxb5 Bxh2 42.e5 Bxf4 43.Ke4 Bd2
44.e6 a2 45.Rb8 Bb4 46.Rg8+  1-0

[Event "Meurthe et Moselle GM"]
[Site "Nancy FRA"]
[Date "2007.02.20"]
[Round "3"]
[White "Brunner,N"]
[Black "Okhotnik,V"]
[Result "1-0"]
[WhiteElo "2426"]
[BlackElo "2486"]

1.d4 Nf6 2.c4 g6 3.Nc3 d5 4.cxd5 Nxd5 5.e4 Nxc3 6.bxc3 Bg7 7.Be3 c5 8.Qd2 Qa5
9.Nf3 O-O 10.Rc1 Rd8 11.d5 Nc6 12.Bd3 b6 13.O-O Bg4 14.Qc2 Bxf3 15.gxf3 Ne5
16.Be2 Nd7 17.f4 Rac8 18.c4 e6 19.Qb1 Bd4 20.Rfd1 Bxe3 21.fxe3 exd5 22.cxd5 Qb4
23.Qxb4 cxb4 24.Rxc8 Rxc8 25.Bg4 Rd8 26.Bxd7 Rxd7 27.e5 Rc7 28.d6 Rc8 29.e4 Kf8
30.f5 Ra8 31.e6 a5 32.e7+ Ke8 33.f6 Kd7 34.e5  1-0

[Event "Aeroflot Open"]
[Site "Moscow RUS"]
[Date "2007.02.22"]
[Round "9"]
[White "Belov,Vl"]
[Black "Harika,D"]
[Result "1-0"]
[WhiteElo "2600"]
[BlackElo "2421"]

1.d4 Nf6 2.c4 g6 3.Nc3 d5 4.cxd5 Nxd5 5.e4 Nxc3 6.bxc3 Bg7 7.Nf3 c5 8.h3 O-O
9.Be2 b5 10.Be3 Bb7 11.Qd3 Nd7 12.O-O cxd4 13.cxd4 Nb6 14.Rab1 Rc8 15.d5 a6
16.Bd4 Na4 17.Bxg7 Kxg7 18.Qd4+ Kg8 19.Rfc1 Qa5 20.Bd3 Rc3 21.Ne5 Rfc8 22.Rd1 R3c7
23.d6 Qc3 24.Qxc3 Rxc3 25.dxe7 Re8 26.Bxb5 axb5 27.Rd8 Rc8 28.Rxb5 Bxe4 29.Rxc8 Rxc8
30.Rb4 Nc3 31.Nd7 Bc6 32.Rc4 Nd5 33.Rxc6 Nxe7 34.Rxc8+ Nxc8 35.Kh2 f5 36.Kg3 Kf7
37.Kf4 Ke6 38.Nf8+ Ke7 39.Nxh7 Nd6 40.a4 Nc4 41.h4 Kf7 42.h5 Kg7 43.hxg6 Kxg6
44.Nf8+ Kf6 45.Nd7+ Ke6 46.Nc5+ Kd5 47.Nb3 Nb2 48.a5 Nd3+ 49.Kxf5 Nxf2 50.g4 Ne4
51.g5 Nd6+ 52.Kf4 Ne8 53.g6 Ke6 54.Kg5  1-0

[Event "Victor Ciocaltea Mem"]
[Site "Bucharest ROM"]
[Date "2007.03.06"]
[Round "1"]
[White "Jianu,V"]
[Black "Lupulescu,C"]
[Result "1/2-1/2"]
[WhiteElo "2498"]
[BlackElo "2566"]

1.d4 Nf6 2.c4 g6 3.Nc3 d5 4.cxd5 Nxd5 5.e4 Nxc3 6.bxc3 Bg7 7.Nf3 c5 8.Rb1 cxd4
9.cxd4 Qa5+ 10.Bd2 Qxa2 11.Be2 O-O 12.O-O Bg4 13.Bg5  1/2-1/2

[Event "I Open"]
[Site "La Laguna ESP"]
[Date "2007.03.06"]
[Round "2"]
[White "Mendoza,L"]
[Black "Mikhalevski,V"]
[Result "1/2-1/2"]
[WhiteElo "2256"]
[BlackElo "2590"]

1.d4 Nf6 2.c4 g6 3.Nc3 d5 4.cxd5 Nxd5 5.e4 Nxc3 6.bxc3 Bg7 7.Nf3 c5 8.Be2 Nc6
9.d5 Ne5 10.Nxe5 Bxe5 11.Qb3 Qc7 12.Bb5+ Bd7 13.Bxd7+ Qxd7 14.f4 c4 15.Qc2 Bg7
16.O-O f5 17.exf5 Qxf5 18.Qa4+ Kf7 19.Qxc4 Rhc8 20.Qb3 Rxc3 21.Qxb7 Rc2 22.Re1 Bd4+
23.Kh1 Rac8 24.Qxe7+ Kg8 25.Rb1 Qxd5 26.Qg5 Qxa2 27.Ba3 Bc3 28.Rb7 Rxg2 29.Qxg2 Qxg2+
30.Kxg2 Bxe1 31.Rxa7 Rc2+ 32.Kh3 Bf2 33.Rb7 Bg1 34.Rb2 Rc3+ 35.Kg2 Bd4 36.Rb4 Rc2+
37.Kf3 Rxh2 38.Rxd4 Rh3+ 39.Kg4 Rxa3 40.f5 Kg7 41.fxg6 hxg6 42.Rb4 Kh6 43.Rc4 Ra1
44.Rc3 Ra4+ 45.Kg3 Kh5 46.Rb3 Rg4+ 47.Kh3 Rd4 48.Ra3 g5 49.Rb3 Rd1 50.Ra3  1/2-1/2

[Event "XXIV SuperGM"]
[Site "Morelia/Linares MEX/ESP"]
[Date "2007.03.06"]
[Round "11"]
[White "Carlsen,M"]
[Black "Ivanchuk,V"]
[Result "1-0"]
[WhiteElo "2690"]
[BlackElo "2750"]

1.d4 Nf6 2.c4 g6 3.Nc3 d5 4.cxd5 Nxd5 5.e4 Nxc3 6.bxc3 Bg7 7.Bc4 c5 8.Ne2 Nc6
9.Be3 O-O 10.O-O Na5 11.Bd3 b6 12.Rc1 cxd4 13.cxd4 e6 14.Qd2 Bb7 15.h4 Qe7
16.h5 Rfc8 17.e5 Rxc1 18.Rxc1 Rc8 19.Rxc8+ Bxc8 20.Bg5 Qc7 21.Bf6 Nc6 22.Qg5 h6
23.Qc1 g5 24.Bb5 Bd7 25.d5 exd5 26.Nd4 Bxf6 27.exf6 Qd6 28.Bxc6 Qxf6 29.Bxd7 Qxd4
30.g3 Qc5 31.Qxc5 bxc5 32.Bc6 d4 33.Bb5 Kf8 34.f4 gxf4 35.gxf4  1-0

[Event "TCh-AUT 2006-7"]
[Site "Mattersburg AUT"]
[Date "2007.03.08"]
[Round "8"]
[White "Pilaj,H"]
[Black "Balinov,I"]
[Result "1-0"]
[WhiteElo "2373"]
[BlackElo "2516"]

1.d4 Nf6 2.c4 g6 3.Nc3 d5 4.cxd5 Nxd5 5.e4 Nxc3 6.bxc3 Bg7 7.Bc4 c5 8.Ne2 O-O
9.O-O Nc6 10.Be3 Bd7 11.Rb1 a6 12.dxc5 Na5 13.Bd5 e6 14.Bxb7 Nxb7 15.Rxb7 Bb5
16.Qc2 Bd3 17.Qb2 Bxe4 18.Rb6 Qd3 19.Rc1 Rfd8 20.h3 a5 21.a4 Qc4 22.Qb5 Qa2
23.Nd4 e5 24.Nc6 Re8 25.Nxa5 f5 26.c6 f4 27.Bc5 Qf7 28.Nb7 Bd5 29.Nd6 Qf6
30.Ba3 Bxg2 31.Kxg2 f3+ 32.Kf1 Rf8 33.c7 Kh8 34.c8=Q Raxc8 35.Nxc8 Qg5 36.Nd6 Bh6
37.Rb1 Qg2+ 38.Ke1 Qg1+ 39.Qf1 Qg5 40.Bc1  1-0

[Event "ch-POL w"]
[Site "Barlinek POL"]
[Date "2007.03.09"]
[Round "2"]
[White "Kadziolka,B"]
[Black "Przezdziecka,M"]
[Result "1-0"]
[WhiteElo "2309"]
[BlackElo "2304"]

1.d4 Nf6 2.c4 g6 3.Nc3 d5 4.cxd5 Nxd5 5.e4 Nxc3 6.bxc3 Bg7 7.Bc4 c5 8.Ne2 Nc6
9.Be3 O-O 10.O-O Qc7 11.Rc1 Rd8 12.Bf4 Qd7 13.d5 Na5 14.Bd3 e5 15.Bg5 Re8
16.Qd2 b6 17.Bh6 f5 18.Bxg7 Qxg7 19.Bb5 Rf8 20.f4 fxe4 21.fxe5 Rxf1+ 22.Rxf1 Qxe5
23.d6 Bb7 24.d7 Rd8 25.Qh6 a6 26.Qh4 g5 27.Qh5 axb5 28.Rf7 Qh8 29.Rf5 Bd5
30.Qe8+ Kg7 31.Qe7+  1-0

[Event "FSGM March"]
[Site "Budapest HUN"]
[Date "2007.03.10"]
[Round "8"]
[White "Berczes,D"]
[Black "Boros,De"]
[Result "1/2-1/2"]
[WhiteElo "2433"]
[BlackElo "2502"]

1.d4 Nf6 2.c4 g6 3.Nc3 d5 4.cxd5 Nxd5 5.e4 Nxc3 6.bxc3 Bg7 7.Bg5 c5 8.Rc1 Qa5
9.Qd2 h6 10.Be3 cxd4 11.cxd4 Qxd2+ 12.Kxd2 O-O 13.Nf3 Nc6 14.d5 Rd8 15.Ke1 Na5
16.Bf4 Bg4 17.Bd3 e6 18.Bc7 Rdc8 19.d6 e5 20.h3 Bd7 21.Ke2 b6 22.Rb1 f6 23.Ba6 Rf8
24.Nd2 Be6 25.Nb3 Nxb3 26.axb3 Rf7 27.Rhd1 Kh7 28.Bc4 Bxc4+ 29.bxc4 Rd7 30.c5 bxc5
31.Kd3 Kg8 32.Kc4 Kf7 33.Kd5 Bf8 34.Ra1 a5 35.Kc6 Ke6 36.Rxa5 Rxa5 37.Bxa5 Rxd6+
38.Rxd6+ Bxd6 39.Kb5 f5 40.f3  1/2-1/2

[Event "23rd Open"]
[Site "Cappelle la Grande FRA"]
[Date "2007.03.10"]
[Round "9"]
[White "Danielian,O"]
[Black "Ni Hua"]
[Result "0-1"]
[WhiteElo "2515"]
[BlackElo "2632"]

1.d4 Nf6 2.c4 g6 3.Nc3 d5 4.cxd5 Nxd5 5.e4 Nxc3 6.bxc3 Bg7 7.Qa4+ Nd7 8.Nf3 O-O
9.Bg5 h6 10.Be3 c5 11.Rd1 cxd4 12.cxd4 Nb6 13.Qa3 Bg4 14.Be2 Rc8 15.O-O Nc4
16.Bxc4 Rxc4 17.Rc1 Rxc1 18.Rxc1 Bxf3 19.gxf3 Bxd4 20.Rd1 e5 21.Bxh6 Re8
22.Be3 Qf6 23.Kg2 Bxe3 24.Qxe3 a6 25.Rd7 b5 26.Qd2 Kg7 27.Rd6 Re6 28.Rxe6 Qxe6
29.a3 Qf6 30.Qc3 Qd6 31.f4 Qd4 32.Qxd4 exd4 33.Kf3 a5 34.Ke2 b4 35.a4 b3
36.Kd3 Kh6  0-1

[Event "I Open"]
[Site "La Laguna ESP"]
[Date "2007.03.11"]
[Round "8"]
[White "Solana Suarez,E"]
[Black "Fernandez Garcia,JoseL"]
[Result "1/2-1/2"]
[WhiteElo "2316"]
[BlackElo "2463"]

1.d4 Nf6 2.c4 g6 3.Nc3 d5 4.cxd5 Nxd5 5.e4 Nxc3 6.bxc3 Bg7 7.Nf3 c5 8.Rb1 O-O
9.Be2 b6 10.O-O Bb7 11.Qd3 e6 12.Bg5 Qc7 13.Qe3 Nd7 14.Bd3 Rae8 15.Bh6 e5
16.Bxg7 Kxg7 17.d5 Nf6 18.c4 Re7 19.Nd2 Ne8 20.g3 Nd6 21.f4 f6 22.fxe5 Rxe5
23.Nf3 Rfe8 24.Qf4 Qd8 25.a4 Bc8 26.a5 g5 27.Qc1 Bh3 28.Re1 Bg4 29.Nd2 bxa5
30.Qc3 a4 31.Ra1 Bd7  1/2-1/2

[Event "31st Conference"]
[Site "Blackpool ENG"]
[Date "2007.03.17"]
[Round "3"]
[White "Merriman,J"]
[Black "Grassie,D"]
[Result "1/2-1/2"]
[WhiteElo "2266"]
[BlackElo "2106"]

1.d4 Nf6 2.c4 g6 3.Nc3 d5 4.cxd5 Nxd5 5.e4 Nxc3 6.bxc3 Bg7 7.Bc4 c5 8.Ne2 cxd4
9.cxd4 Nc6 10.Be3 O-O 11.O-O Na5 12.Bd3 Be6 13.d5 Bxa1 14.Qxa1 f6 15.Bh6 Re8
16.h4 a6 17.Bd2 Bf7 18.Qc3 b6 19.Rb1 Nb7 20.Qc6 Nc5 21.Bc2 Rc8 22.Qxb6 Qxb6
23.Rxb6 Nd7 24.Rb2 Rb8 25.Rxb8 Rxb8 26.Nd4 Nc5 27.a3 Rb2 28.Bc3 Rxc2 29.Nxc2  1/2-1/2

[Event "Open"]
[Site "Zagreb CRO"]
[Date "2007.03.17"]
[Round "1"]
[White "Djodj,G"]
[Black "Banas,J"]
[Result "0-1"]
[WhiteElo "2004"]
[BlackElo "2380"]

1.d4 Nf6 2.c4 g6 3.Nc3 d5 4.cxd5 Nxd5 5.e4 Nxc3 6.bxc3 Bg7 7.Nf3 c5 8.Rb1 O-O
9.Be2 b6 10.O-O Bb7 11.Qd3 Ba6 12.Qe3 e6 13.Bxa6 Nxa6 14.Rd1 cxd4 15.cxd4 Qd7
16.Qe2 Qb7 17.a4 Nc7 18.Bf4 Ne8 19.Rbc1 Rd8 20.Ne5 Nf6 21.f3 Rc8 22.Qb5 a6
23.Qb3 b5 24.axb5 axb5 25.Rb1 Nh5 26.Be3 Rb8 27.Rdc1 Bxe5 28.dxe5 Rfc8 29.Rxc8+ Qxc8
30.Bh6 Qc2  0-1

[Event "Open"]
[Site "Zagreb CRO"]
[Date "2007.03.19"]
[Round "3"]
[White "Djodj,G"]
[Black "Mihalinec,D"]
[Result "0-1"]
[WhiteElo "2004"]
[BlackElo "2215"]

1.d4 Nf6 2.c4 g6 3.Nc3 d5 4.cxd5 Nxd5 5.e4 Nxc3 6.bxc3 Bg7 7.Nf3 O-O 8.Be2 c5
9.Rb1 Nc6 10.d5 Bxc3+ 11.Bd2 Bxd2+ 12.Qxd2 Nb8 13.h4 h5 14.e5 Kg7 15.Bc4 b6
16.Qc3 Ba6 17.e6+ f6 18.Bb3 c4 19.Bxc4 Qc7 20.Rc1 Rc8 21.Qb4 Bxc4 22.Rxc4 Qxc4
23.Qxe7+ Kh6 24.Nd2 Qd3 25.Kd1 Qxd5 26.Qxf6 Qf5 27.Qxf5 gxf5 28.Nf3 Nc6 29.Ng5 Rc7
30.Rh3 Rd8+ 31.Ke1 Kg6 32.Re3 Kf6  0-1

[Event "Open"]
[Site "Zagreb CRO"]
[Date "2007.03.21"]
[Round "5"]
[White "Zaja,I"]
[Black "Sukunda,D"]
[Result "1-0"]
[WhiteElo "2458"]
[BlackElo "2080"]

1.d4 Nf6 2.c4 g6 3.Nc3 d5 4.cxd5 Nxd5 5.e4 Nxc3 6.bxc3 Bg7 7.Nf3 O-O 8.Be2 c5
9.Rb1 cxd4 10.cxd4 Nc6 11.d5 Ne5 12.Nxe5 Bxe5 13.O-O e6 14.f4 Bg7 15.d6 e5
16.Bb2 Re8 17.Bxe5 Bxe5 18.fxe5 Rxe5 19.Bc4 Be6 20.Bxe6 Rxe6 21.e5 Qd7 22.Qf3 Rb8
23.Rbc1 f5 24.Qd5  1-0

[Event "Vladimir Zak mem"]
[Site "St Petersburg RUS"]
[Date "2007.03.25"]
[Round "2"]
[White "Hort,Ar"]
[Black "Kurilov,Vi"]
[Result "1-0"]
[WhiteElo "2125"]
[BlackElo "2316"]

1.d4 Nf6 2.c4 g6 3.Nc3 d5 4.cxd5 Nxd5 5.e4 Nxc3 6.bxc3 Bg7 7.Bc4 O-O 8.Ne2 Nc6
9.O-O b6 10.Be3 Bb7 11.f3 Na5 12.Bd3 Rc8 13.Rc1 c5 14.Qd2 Qd7 15.Rfd1 Rfd8
16.Qb2 cxd4 17.cxd4 e6 18.Bb5 Qe7 19.a4 Bc6 20.Bf2 Bh6 21.Rc3 Bb7 22.Be1 Rxc3
23.Bxc3 Qc7 24.Bd2 Bxd2 25.Qxd2 Qd6 26.Qb2 Rc8 27.h3 Nc4 28.Qb3 Na5 29.Qb2 h5
30.Kf2 Nc6 31.Rc1 Ne7 32.Rxc8+ Bxc8 33.Qc3 Bb7 34.Qc4 Qb8 35.Qc3 Qc8 36.Qxc8+ Nxc8
37.Ke3 Kf8 38.Nc3 Nd6 39.Bd3 Ke7 40.h4 Bc6 41.Kf4 f5 42.Kg5 Kf8 43.Kf4 a5
44.g3 Ke7 45.Kg5 Kf7 46.Kf4 Ke7 47.e5 Nb7 48.g4 Nd8 49.gxh5 gxh5 50.Bc4 Bb7
51.d5 exd5 52.Nxd5+ Bxd5 53.Bxd5 Ne6+ 54.Kxf5 Nc5 55.Bc6 Nb3 56.Ke4 Nd2+
57.Ke3 Nb3 58.f4  1-0

[Event "Rector Cup m"]
[Site "Kharkiv UKR"]
[Date "2007.03.26"]
[Round "11"]
[White "Korobov,A"]
[Black "Kovchan,A"]
[Result "1/2-1/2"]
[WhiteElo "2547"]
[BlackElo "2509"]

1.d4 Nf6 2.c4 g6 3.Nc3 d5 4.cxd5 Nxd5 5.e4 Nxc3 6.bxc3 Bg7 7.Bc4 c5 8.Ne2 O-O
9.O-O Nd7 10.Bg5 b6 11.e5 h6 12.Bh4 g5 13.Bg3 e6 14.f4 cxd4 15.cxd4 a6 16.Bb3 b5
17.Rc1 Bb7 18.f5 exf5 19.Rxf5 Be4 20.Rf2 Nb6  1/2-1/2

[Event "ch-Catalonia"]
[Site "Barcelona ESP"]
[Date "2007.04.03"]
[Round "3"]
[White "Penalver Guardia,J"]
[Black "Sanchez Obregon,D"]
[Result "0-1"]
[WhiteElo "1943"]
[BlackElo "2095"]

1.d4 Nf6 2.c4 g6 3.Nc3 d5 4.cxd5 Nxd5 5.e4 Nxc3 6.bxc3 Bg7 7.Bc4 c5 8.Ne2 Nc6
9.Be3 O-O 10.O-O Bg4 11.f3 Na5 12.Bd3 cxd4 13.cxd4 Be6 14.Qd2 Nc4 15.Bxc4 Bxc4
16.Rfd1 Qd7 17.Rab1 b5 18.Nc1 Rfd8 19.Nb3 Rac8 20.Qb4 e6 21.Nc5 Qc7 22.Qb2 Qxc5
23.dxc5 Rxd1+ 24.Rxd1 Bxb2 25.Rd7 a5 26.f4 Bxa2 27.Rd2 b4 28.Rxb2 b3 29.Rd2 a4
30.c6 Rxc6 31.Rd8+ Kg7 32.Bd4+ Kh6 33.Rg8 Rc1+ 34.Kf2 b2 35.g4 Rf1+ 36.Kg3 Rg1+
37.Kh4 Rxg4+ 38.Kxg4 f5+ 39.Kh4 e5 40.Bxe5 Bxg8 41.Bxb2 fxe4 42.Bc1 Be6 43.f5+ Kg7
44.fxe6 Kf6 45.e7 Kxe7 46.Kg5 Ke6 47.Kh6 Kf5 48.h3 g5 49.Kh5 h6 50.Kxh6 g4
51.h4 g3 52.h5 g2 53.Be3 a3 54.Kh7 a2 55.Bd4 e3 56.h6 g1=Q  0-1

[Event "8th ch-Euro"]
[Site "Dresden GER"]
[Date "2007.04.03"]
[Round "1"]
[White "Nyback,T"]
[Black "Brendel,O"]
[Result "1/2-1/2"]
[WhiteElo "2604"]
[BlackElo "2370"]

1.d4 Nf6 2.c4 g6 3.Nc3 d5 4.cxd5 Nxd5 5.e4 Nxc3 6.bxc3 Bg7 7.Bc4 c5 8.Ne2 O-O
9.O-O Nc6 10.Be3 Qc7 11.Rc1 Rd8 12.Bf4 Qd7 13.dxc5 Ne5 14.Bxe5 Bxe5 15.Qb3 Rf8
16.f4 Bg7 17.Qb4 Qc7 18.Nd4 Bd7 19.e5 a5 20.Qb6 Rac8 21.Bd5 Qxc5 22.Qxc5 Rxc5
23.Bxb7 Rb8 24.Be4 Rbc8 25.Nb3 Rc4 26.Bd5 Rxc3 27.Rxc3 Rxc3 28.Rc1 Rxc1+
29.Nxc1 g5 30.fxg5 Bxe5 31.Nb3 Bc3 32.Kh1 Kg7 33.Nc5 Bf5 34.Ne4 Bd4 35.Ng3 Bc2
36.Be4 Bxe4 37.Nxe4 Kg6 38.g4 f5 39.gxf6 exf6 40.Kg2 f5 41.Nd6 fxg4 42.a4 Be5
43.Nc4 Bc7 44.h3 h5 45.hxg4 hxg4 46.Nd2 Kf5 47.Nc4 Kf4 48.Nd2 Ke3 49.Nc4+ Ke4
50.Nd2+ Kf4  1/2-1/2